| 000 | 00630nam a2200217 i 4500 | ||
|---|---|---|---|
| 001 | 103027 | ||
| 003 | ES-MaACL | ||
| 005 | 20250804062740.0 | ||
| 007 | t| | ||
| 008 | 051227s1964 sp ||||1| spa d | ||
| 080 | _a1(04) | ||
| 100 | 1 |
_aRodríguez Huéscar, Antonio. _998579 |
|
| 245 | 1 | 0 |
_aCon Ortega y otros escritos / _cAntonio Rodríguez Huescar. |
| 260 |
_aMadrid : _bTaurus, _c[1964] |
||
| 300 |
_a363 p. ; _c22 cm. |
||
| 490 | 1 |
_aEnsayistas de hoy ; _v35 |
|
| 650 | 1 | 7 |
_aFilosofía _2embne _912802 |
| 830 | 0 |
_aEnsayistas de hoy ; _v35 _9180849 |
|
| 852 |
_aES-MaACL _jG-13033 _bR.136559 |
||
| 999 |
_c103027 _d103027 |
||